000 00651nam a22002177a 4500
005 20170124110248.0
010 _aA-363843
020 _c00.00
035 _aA-363843
037 _bCen Lib/Ret
040 _aDPL
_bEN
082 _a001.42
_bVER
100 _aVerma, R.K.
_997955
245 _aMethodology techniques of research /
_cby R.K. Verma
260 _aNew Delhi
_bEss Ess Publications
_c2002
270 _bNew Delhi
_a4837/24, Ansari road, dariyaganj
_e110002
300 _aii, 135p.
_c21cm(Hb)
650 _aResearch methodology
_997956
650 _aResearch techniques
_997957
942 _2ddc
_cEN
_h001.42
_mVER
999 _c135659
_d135659